Estonia Country Quiz - Statistics

General Stats
  • This quiz has been taken 2,205 times
    2,185 since last reset
  • The average score is 12 of 20
Answer Stats
Question Answer % Correct
What is the capital of Estonia? Tallinn
98%
With which countries does Estonia share land borders with? Russia
95%
Which major sea does Estonia share borders with? Baltic Sea
94%
With which countries does Estonia share land borders with? Latvia
94%
What is the currency of Estonia? Euro
90%
Part of what former country did Estonia use to be until 1991? Soviet Union
90%
What world capital is situated on the opposite side of the Estonian capital? Helsinki
71%
Which Ocean gulfs of the above does Estonia border? Gulf of Finland
70%
Which branch of Christianity has the most followers in Estonia? Eastern Orthodox
65%
Which empire controlled Estonia from 1583 until 1710? Swedish Empire
60%
What is the most popular sport of among Estonians? Basketball
52%
How do you pronounce "Estonia" in Estonian? Eesti
47%
Which Ocean gulfs of the above does Estonia border? Gulf of Riga
46%
Which telecommunications application was created by Priit Kasesalu and Jaan Tallinn? Skype
45%
What is the name of the second most populous city of Estonia? Tartu
45%
What was the currency of Estonia currency prior to the above? Kroon
38%
What is the name of the largest island of Estonia by area? Saaremaa
35%
Around which Estonian town was the fourth bloodiest battle of WWII fought? Narva
33%
Which city is known for its 19th-century timber villas and beaches? Pärnu
31%
What is the name of the major lake located on the eastern border of Estonia? Lake Peipus
26%
No matching quizzes found
Score Distribution
Percent of People with Each Score
Percentile by Number Answered
Your Score History
You have not taken this quiz since the last reset